000 00640nam a22001937a 4500
003 OSt
005 20140310183015.0
008 130212t xxu||||| |||| 00| 0 eng d
020 _a9713012089
050 _aTX 360.P6
_b.C58 2002
245 _aBasic nutrition for Filipinos
_cVirginia Serraon-Claudio, Ofelia V. Dirige, Adela Jamorabo-Ruiz ; with special contributions by Josefa S. Eusebio, Leonora N. Panlasigui, Lourdes S. Joves
260 _aManila
_bMerriam & Webster Bookstore
_c2002.
300 _c26 cm.
_a24-30 p. :
_bill. ;
521 _aNUR
562 _e1
650 _aNutrition.
942 _2lcc
_cBK
_kLOC
999 _c18293
_d18293